logo

Bir Sreshtho Munshi Abdur Rouf Library
Jhenaidah Cadet College

Calcutta / (Record no. 4683)

MARC details
000 -LEADER
fixed length control field 00721nam a22002772a 4500
001 - CONTROL NUMBER
JCCL Control Number 4683
003 - CONTROL NUMBER IDENTIFIER
JCCL marc code BD-JhCC
005 - DATE AND TIME OF LATEST TRANSACTION
control field 20180402085736.0
008 - FIXED-LENGTH DATA ELEMENTS--GENERAL INFORMATION
fixed length control field 860101s1971 enka b 001 0 eng d
020 ## - INTERNATIONAL STANDARD BOOK NUMBER
International Standard Book Number 0297004557
035 ## - SYSTEM CONTROL NUMBER
system control number (BD-JhCC)4683
040 ## - CATALOGING SOURCE
Original cataloging agency DLC
Transcribing agency DLC
Modifying agency EQO
-- BD-JhCC
041 ## - LANGUAGE CODE
Language code of Book eng
050 #0 - LIBRARY OF CONGRESS CALL NUMBER
Classification number DS486.C2
Item number M63
082 ## - DEWEY DECIMAL CLASSIFICATION NUMBER
Classification number 915.414
Author mark and Year MOO 1971
100 1# - MAIN ENTRY--PERSONAL NAME
Personal name Moorhouse, Geoffrey,
Dates associated with a name 1931-2009.
245 10 - TITLE STATEMENT
Title Calcutta /
Statement of responsibility, etc Geoffrey Moorhouse
260 ## - PUBLICATION, DISTRIBUTION, ETC. (IMPRINT)
Place of publication, distribution, etc London :
Name of publisher, distributor, etc Weidenfeld,
Date of publication, distribution, etc [1971].
300 ## - PHYSICAL DESCRIPTION
Pagination xvi, 376 p. :
Other physical details ill. :
Dimensions 23 cm.
504 ## - BIBLIOGRAPHY, ETC. NOTE
Bibliography, etc Bibliography: p. 348-350
650 ## - SUBJECT ADDED ENTRY--TOPICAL TERM
Topical term or geographic name as entry element Kolkata
Geographic subdivision India
650 ## - SUBJECT ADDED ENTRY--TOPICAL TERM
Topical term or geographic name as entry element Civilization
651 #0 - SUBJECT ADDED ENTRY--GEOGRAPHIC NAME
Geographic name Kolkata (India)
942 ## - ADDED ENTRY ELEMENTS (KOHA)
Source of classification or shelving scheme Dewey Decimal Classification
Koha item type Books
Holdings
Source of classification or shelving scheme Damaged status Not for loan Home library Current library Shelving location Date of accession Total Checkouts Full call number Barcode Date last seen Copy number Koha item type
Dewey Decimal Classification     JCC Rouf Library JCC Rouf Library General Stacks 11/29/2017   915.4/14 MOO 1971 6591 11/29/2017 C - 1 Books
Dewey Decimal Classification     JCC Rouf Library JCC Rouf Library General Stacks 04/02/2018   915.414 MOO 1971 13337 04/02/2018 C-2 Books

JCC Library | Contacts | JCC Home

Last Update on 23 September 2017
Copyright @ 2017-2020 JCC Rouf Library
Rouf Library, Jhenidah Cadet College (JCC), Bangladesh